00240nam a2200085Ia 4500008004100000082001500041100002100056245005500077300002200132230907s9999||||xx |||||||||||||| ||und|| a621.3bINT aKrause, Paul C., 0aIntroduction to electric power and drive systems / axiii, 234 pages ;